| 000 | 00000nam##2200000za#4500 |
| 001 | 9.625580 |
| 003 | CaOODSP |
| 005 | 20200421163408 |
| 007 | ta |
| 008 | 150406|2000||||xxc||||| f|0| 0 fre|d |
| 020 | |a0-662-85602-3 |
| 040 | |aCaOODSP|bfre |
| 043 | |an-cn--- |
| 086 | 1 |aNH18-22/100-134F |
| 110 | 2 |aSociété canadienne d'hypothèques et de logement. |
| 245 | 10|aRénovation d'un immeuble d'appartements avec murs en maçonnerie massive |
| 260 | |aOttawa - Ontario : |bSociété canadienne d'hypothèques et de logement |c2000. |
| 300 | |a4p. : |bgraphique, tableaux ; |c28 cm. |
| 490 | 1 |aLe point en recherche. Série technique |v00-134 |
| 563 | |aDépliant |
| 590 | |a01-09|b2001-03-02 |
| 691 | 07|aRénovation domiciliaire|2gcpds |
| 691 | 07|aLogement|2gcpds |
| 776 | 0#|tRénovation d'un immeuble d'appartements avec murs en maçonnerie massive / |w(CaOODSP)9.607749 |
| 830 | #0|aLe point en recherche. Série technique ;|v00-134|w(CaOODSP)9.513179 |
| 986 | |aLNH 2267 |